000 00449nam a2200181Ia 4500
005 20240823012207.0
008 240823s9999||||xx |||||||||||||| ||und||
041 _aENGLISH
082 _A005.8 P2
100 _a"Kaufman,Charlie [et al]"
245 0 _aNetwork Security
250 _a2nd
260 _c2002
_bStudent Book C
_aNagercoil
500 _aTRANSFERED
650 _aCommunication
_bSoftware Engineering
942 _cBK
999 _c163710
_d163710